Welcome to the Holygrace Academy Library

Please use search bar below to get started

NANCY DREW AND THE CLUE CREW - CUPCAKE CHAOS (Record no. 7907)

MARC details
000 -LEADER
fixed length control field 00611nam a22001457a 4500
020 ## - INTERNATIONAL STANDARD BOOK NUMBER
ISBN 978-1-4424-5351-7
082 ## - DEWEY DECIMAL CLASSIFICATION NUMBER
Classification number 823
Item number KEE/N
100 ## - MAIN ENTRY--AUTHOR NAME
Personal name KEENE, CAROLYN
245 ## - TITLE STATEMENT
Title NANCY DREW AND THE CLUE CREW - CUPCAKE CHAOS
260 ## - PUBLICATION, DISTRIBUTION, ETC. (IMPRINT)
Place of publication NEW YORK
Name of publisher ALADDIN PAPERBACKS
Year of publication 2013
300 ## - PHYSICAL DESCRIPTION
Number of Pages 87
520 ## - SUMMARY, ETC.
Summary, etc Spring has sprung in River Heights, along with a brand-new cupcake café! The Lucky Ladybug, run by twin bakers and celebrities Gwendolyn and Carolyn Porter, is the talk of the town. Nancy, Bess, and George can’t wait to taste some of the delicious cupcakes!
650 ## - SUBJECT ADDED ENTRY--TOPICAL TERM
Topical Term MYSTERY
Geographic subdivision UNITED STATES
942 ## - ADDED ENTRY ELEMENTS (KOHA)
Koha item type Books

No items available.